[Event "FIN-chT 2223"]
[Site "Finland"]
[Date "2023.01.14"]
[Round "7.6"]
[White "Kivijarvi, Juha"]
[Black "Rasanen, Otto"]
[Result "1-0"]
[WhiteElo "2172"]
[BlackElo "2046"]
[PlyCount "69"]
[EventDate "2022.09.24"]
[EventType "team-tourn"]
[EventRounds "11"]
[EventCountry "FIN"]
[SourceTitle "EXT 2024"]
[Source "ChessBase"]
[SourceDate "2023.10.10"]
[SourceVersion "1"]
[SourceVersionDate "2023.10.10"]
[SourceQuality "1"]
[WhiteTeam "Salo SalSK"]
[BlackTeam "Vantaa EtVaS"]
[WhiteTeamCountry "FIN"]
[BlackTeamCountry "FIN"]

1. e4 e5 2. Nf3 Nc6 3. d4 exd4 4. Nxd4 Nf6 5. Nxc6 bxc6 6. e5 Qe7 7. Qe2 Nd5 8. c4 Nb6 9. Nc3 Ba6 10. Qe4 Qe6 11. b3 Bb4 12. Bd2 Bxc3 13. Bxc3 d5 14. Qh4 dxc4 15. Be2 Qg6 16. bxc4 Qc2 17. Qg3 Qe4 18. Qxg7 Bxc4 19. Qxh8+ Kd7 20. 0-0-0+ Nd5 21. Qxa8 Bxe2 22. Rd4 Qxg2 23. Re1 Bf3 24. Qf8 Qxf2 25. Qxf7+ Kc8 26. Rxd5 cxd5 27. Qe8+ Kb7 28. Qb5+ Kc8 29. e6 Be4 30. Rxe4 dxe4 31. Qd7+ Kb7 32. Qd5+ Kc8 33. Qxe4 Qf1+ 34. Kb2 Qb5+ 35. Kc2 1-0

[Event "FIN-chT 1819"]
[Site "Finland"]
[Date "2018.09.15"]
[Round "1.8"]
[White "Kivijarvi, Juha"]
[Black "Linnanen, Lassi"]
[Result "1/2-1/2"]
[WhiteElo "2170"]
[BlackElo "2153"]
[PlyCount "83"]
[EventDate "2018.09.15"]
[EventType "team-tourn"]
[EventRounds "11"]
[EventCountry "FIN"]
[SourceTitle "CBM 186 Extra"]
[Source "ChessBase"]
[SourceDate "2018.08.24"]
[SourceVersion "1"]
[SourceVersionDate "2018.08.24"]
[SourceQuality "1"]
[WhiteTeam "Salo SalSK"]
[BlackTeam "Helsinki Aatos"]
[WhiteTeamCountry "FIN"]
[BlackTeamCountry "FIN"]

1. e4 e5 2. Nf3 Nc6 3. d4 exd4 4. Nxd4 Bc5 5. Nf5 g6 6. Ne3 Bf8 7. Bc4 Bg7 8. 0-0 Nf6 9. Nc3 0-0 10. Ned5 Nxd5 11. Bxd5 d6 12. f4 Nb4 13. Bc4 Be6 14. Be2 f5 15. Nd5 Nxd5 16. exd5 Bd7 17. c3 Re8 18. Bf3 Qf6 19. Qb3 b6 20. Qc4 Qd8 21. Bd2 b5 22. Qd3 Qb8 23. Rfe1 Rxe1+ 24. Rxe1 Qf8 25. Be3 Re8 26. Re2 a5 27. Bd4 Rxe2 28. Bxe2 Bxd4+ 29. Qxd4 Qe7 30. Qd3 c5 31. Kf2 Qh4+ 32. Qg3 Qf6 33. Qe3 b4 34. g3 Kf7 35. Qd2 Qd8 36. cxb4 axb4 37. a3 Qb6 38. Qe3 bxa3 39. Qxa3 Bb5 40. Qe3 Bd7 41. Qc3 Qd8 42. Bf3 1/2-1/2

[Event "FIN-chT 1718"]
[Site "Finland"]
[Date "2018.03.10"]
[Round "10.6"]
[White "Sandholm, Klas"]
[Black "Kivijarvi, Juha"]
[Result "1-0"]
[WhiteElo "2239"]
[BlackElo "2170"]
[PlyCount "45"]
[EventDate "2017.09.16"]
[EventType "team-tourn"]
[EventRounds "11"]
[EventCountry "FIN"]
[SourceTitle "EXT 2019"]
[Source "ChessBase"]
[SourceDate "2018.10.10"]
[SourceVersion "1"]
[SourceVersionDate "2018.10.10"]
[SourceQuality "1"]
[WhiteTeam "Karjaa KarjUra"]
[BlackTeam "Salo SalSK"]
[WhiteTeamCountry "FIN"]
[BlackTeamCountry "FIN"]

1. d4 f5 2. Nf3 Nf6 3. g3 g6 4. Bg2 Bg7 5. c4 0-0 6. Nc3 d6 7. 0-0 Qe8 8. Re1 h6 9. e4 fxe4 10. Nxe4 Nxe4 11. Rxe4 Qf7 12. Qe2 Re8 13. Bd2 g5 14. Re1 Bf6 15. h4 Bf5 16. hxg5 hxg5 17. Nxg5 Bxg5 18. Bxg5 Bxe4 19. Bxe4 c6 20. Qg4 e5 21. Bf6+ Kf8 22. Qg5 Qg8 23. Bg6 1-0

[Event "FIN-chT 1718"]
[Site "Finland"]
[Date "2017.10.22"]
[Round "4.7"]
[White "Fraser, Scott"]
[Black "Kivijarvi, Juha"]
[Result "0-1"]
[WhiteElo "2170"]
[BlackElo "2170"]
[PlyCount "44"]
[EventDate "2017.09.16"]
[EventType "team-tourn"]
[EventRounds "11"]
[EventCountry "FIN"]
[SourceTitle "EXT 2019"]
[Source "ChessBase"]
[SourceDate "2018.10.10"]
[SourceVersion "1"]
[SourceVersionDate "2018.10.10"]
[SourceQuality "1"]
[WhiteTeam "Espoo MatSK"]
[BlackTeam "Salo SalSK"]
[WhiteTeamCountry "FIN"]
[BlackTeamCountry "FIN"]

1. Nf3 f5 2. g3 Nf6 3. Bg2 g6 4. 0-0 Bg7 5. d4 0-0 6. b3 d6 7. Bb2 Ne4 8. Nbd2 Nxd2 9. Qxd2 Nc6 10. c4 e5 11. dxe5 dxe5 12. Qd5+ Kh8 13. e4 Qe7 14. Qd3 f4 15. gxf4 Rxf4 16. Rad1 Bg4 17. h3 Bh5 18. Bc1 Rff8 19. Rd2 Bh6 20. Rb2 Bxc1 21. Rxc1 Bxf3 22. Bxf3 Qg5+ 0-1

[Event "EU-Cup 32nd"]
[Site "Novi Sad"]
[Date "2016.11.12"]
[Round "7.6"]
[White "Christensen, Esben"]
[Black "Kivijarvi, Juha"]
[Result "1-0"]
[WhiteElo "2016"]
[BlackElo "2193"]
[PlyCount "73"]
[EventDate "2016.11.06"]
[EventType "team-swiss"]
[EventRounds "7"]
[EventCountry "SRB"]
[SourceTitle "CBM 176"]
[Source "ChessBase"]
[SourceDate "2017.01.17"]
[SourceVersion "1"]
[SourceVersionDate "2017.01.17"]
[SourceQuality "1"]
[WhiteTeam "Bronshoj"]
[BlackTeam "Salon Shakkikerho"]
[WhiteTeamCountry "DEN"]
[BlackTeamCountry "FIN"]

1. e4 e5 2. Nf3 Nc6 3. Bc4 Bc5 4. c3 Nf6 5. d3 a6 6. Bb3 d6 7. 0-0 Ba7 8. Nbd2 0-0 9. Re1 Ng4 10. Re2 Kh8 11. h3 Nh6 12. Nf1 f5 13. Bg5 Qe8 14. Bxh6 gxh6 15. d4 fxe4 16. Rxe4 Qg6 17. Ng3 Ne7 18. Qd2 Qg7 19. Rh4 exd4 20. cxd4 Ng6 21. Nh5 Nxh4 22. Nxg7 Nxf3+ 23. gxf3 Kxg7 24. Kh2 Rf6 25. Qe3 Be6 26. Bxe6 Re8 27. Rg1+ Kh8 28. Qc3 Rexe6 29. Qxc7 Rg6 30. Qc8+ Kg7 31. Qxe6 Bxd4 32. Qe7+ Kg8 33. Rxg6+ hxg6 34. Qd8+ Kf7 35. Qd7+ Kg8 36. Qc8+ Kf7 37. Qc4+ 1-0

[Event "FIN-chT 1617"]
[Site "Finland"]
[Date "2016.10.08"]
[Round "3.7"]
[White "Soderberg, Stefan"]
[Black "Kivijarvi, Juha"]
[Result "1/2-1/2"]
[WhiteElo "1958"]
[BlackElo "2197"]
[PlyCount "45"]
[EventDate "2016.09.17"]
[EventType "team-tourn"]
[EventRounds "11"]
[EventCountry "FIN"]
[SourceTitle "EXT 2017"]
[Source "ChessBase"]
[SourceDate "2016.10.25"]
[SourceVersion "1"]
[SourceVersionDate "2016.10.25"]
[SourceQuality "1"]
[WhiteTeam "Karjaa KarjUra"]
[BlackTeam "Salo SalSK"]
[WhiteTeamCountry "FIN"]
[BlackTeamCountry "FIN"]

1. b3 e5 2. Bb2 Nc6 3. c4 Bc5 4. g3 Nf6 5. Bg2 d6 6. a3 a5 7. d3 0-0 8. Nc3 Ne7 9. Nf3 c6 10. 0-0 Ba7 11. b4 Ng6 12. Qc2 Re8 13. Nd2 Ng4 14. Nd1 f5 15. c5 dxc5 16. bxc5 Nf6 17. a4 Nd5 18. Ba3 Be6 19. Nc4 f4 20. Rb1 Re7 21. Nd6 Rb8 22. Ne4 Ra8 23. Nd6 1/2-1/2

[Event "FIN-chT 1516"]
[Site "Finland"]
[Date "2016.03.12"]
[Round "10.8"]
[White "Tusa, Tuukka"]
[Black "Kivijarvi, Juha"]
[Result "1/2-1/2"]
[WhiteElo "2139"]
[BlackElo "2203"]
[PlyCount "119"]
[EventDate "2015.09.12"]
[EventType "team-tourn"]
[EventRounds "11"]
[EventCountry "FIN"]
[SourceTitle "EXT 2017"]
[Source "ChessBase"]
[SourceDate "2016.10.25"]
[SourceVersion "1"]
[SourceVersionDate "2016.10.25"]
[SourceQuality "1"]
[WhiteTeam "Helsinki Velhot"]
[BlackTeam "Salo SalSK"]
[WhiteTeamCountry "FIN"]
[BlackTeamCountry "FIN"]

1. c4 f5 2. g3 Nf6 3. Bg2 g6 4. Nc3 d6 5. b4 e5 6. d3 Bg7 7. Rb1 Nc6 8. Nf3 h6 9. 0-0 0-0 10. Ne1 Nh5 11. Nd5 f4 12. b5 Ne7 13. Bb2 Nxd5 14. Bxd5+ Kh7 15. Bg2 a6 16. a4 axb5 17. axb5 Rb8 18. Nc2 Be6 19. Nb4 Qd7 20. Nc2 Bh3 21. Ne1 Bxg2 22. Kxg2 Rf7 23. Ra1 Rbf8 24. f3 fxg3 25. hxg3 Qe7 26. Qc1 Rf5 27. Rg1 Rg5 28. Kf2 Rxg3 29. Ng2 Qe6 30. Rh1 Rh3 31. Rxh3 Qxh3 32. Ra7 Nf6 33. Kg1 Rb8 34. c5 Qd7 35. c6 bxc6 36. bxc6 Qf7 37. Rb7 Ra8 38. Ba3 Ne8 39. Ne3 Qf4 40. Kf2 Qa4 41. Nd5 Qd4+ 42. Ne3 Ra6 43. Rb4 Qa7 44. Rb7 Qa8 45. Bb2 Ra7 46. Rb4 Nf6 47. Qc4 Qc8 48. Qb3 Qe8 49. Rb7 Ra6 50. Rxc7 Rxc6 51. Rb7 Rc8 52. Ba3 Rd8 53. Qb6 Qf8 54. Qa7 Kh8 55. Rf7 Qg8 56. Nc4 Ra8 57. Qb7 Rb8 58. Qa7 Ra8 59. Qb7 Rb8 60. Qa7 1/2-1/2

[Event "FIN-chT 1516"]
[Site "Finland"]
[Date "2015.09.13"]
[Round "2.6"]
[White "Kivijarvi, Juha"]
[Black "Nivala, Tuomas"]
[Result "1/2-1/2"]
[WhiteElo "2203"]
[BlackElo "2215"]
[PlyCount "53"]
[EventDate "2015.09.12"]
[EventType "team-tourn"]
[EventRounds "11"]
[EventCountry "FIN"]
[SourceTitle "EXT 2016"]
[Source "ChessBase"]
[SourceDate "2015.10.08"]
[SourceVersion "1"]
[SourceVersionDate "2015.10.08"]
[SourceQuality "1"]
[WhiteTeam "Salo SalSK"]
[BlackTeam "Jyvaskyla JyS"]
[WhiteTeamCountry "FIN"]
[BlackTeamCountry "FIN"]

1. e4 d6 2. d4 Nf6 3. Nc3 e5 4. dxe5 dxe5 5. Qxd8+ Kxd8 6. Nf3 Bd6 7. Ng5 Ke7 8. Bc4 Rf8 9. 0-0 h6 10. Nf3 c6 11. Nh4 b5 12. Bd3 g5 13. Nf5+ Bxf5 14. exf5 Nbd7 15. Re1 Kd8 16. a4 b4 17. Nd1 Nd5 18. Ne3 Nxe3 19. Bxe3 Kc7 20. a5 f6 21. Bc4 Bc5 22. Bd2 Rab8 23. Ra4 Rfd8 24. Kf1 Bf8 25. Be3 Bc5 26. Bd2 Bf8 27. Be3 1/2-1/2

[Event "FIN-chT 1415"]
[Site "Finland"]
[Date "2014.10.18"]
[Round "3.5"]
[White "Kivijarvi, Juha"]
[Black "Pulkkinen, Kari"]
[Result "1-0"]
[WhiteElo "2226"]
[BlackElo "2266"]
[PlyCount "155"]
[EventDate "2014.09.27"]
[EventType "team-tourn"]
[EventRounds "11"]
[EventCountry "FIN"]
[SourceTitle "EXT 2016"]
[Source "ChessBase"]
[SourceDate "2015.10.08"]
[SourceVersion "1"]
[SourceVersionDate "2015.10.08"]
[SourceQuality "1"]
[WhiteTeam "Salo SalSK"]
[BlackTeam "Espoo MatSK"]
[WhiteTeamCountry "FIN"]
[BlackTeamCountry "FIN"]

1. e4 c5 2. Nf3 d6 3. Bb5+ Nd7 4. d4 Ngf6 5. Nc3 cxd4 6. Qxd4 e5 7. Qd3 h6 8. 0-0 Be7 9. Be3 0-0 10. Bc4 Nb6 11. Bb3 Be6 12. Rfd1 Rc8 13. Nd2 a6 14. Bxb6 Qxb6 15. Nf1 Qc5 16. Ne3 b5 17. Ncd5 Nxd5 18. Bxd5 Bg5 19. c3 Rfd8 20. Nc2 a5 21. a3 Kh8 22. g3 Bg4 23. Re1 Rf8 24. h4 Be7 25. Ne3 Be6 26. Kg2 Kg8 27. Rad1 Rc7 28. Qe2 Qb6 29. Rd2 Qc5 30. Red1 Qb6 31. Rd3 Qa6 32. Qe1 Qb6 33. f4 exf4 34. gxf4 Kh8 35. Qg3 Qb8 36. Kf3 Qd8 37. Rg1 Rg8 38. h5 Bh4 39. Qh2 Be7 40. Rd2 b4 41. axb4 axb4 42. cxb4 Qe8 43. Bxe6 fxe6 44. Rg6 Qf7 45. Kg2 Rb8 46. f5 exf5 47. Nxf5 Bg5 48. Rf2 Qc4 49. Nxd6 Qxb4 50. Qe5 Rd7 51. Nf7+ Rxf7 52. Rxf7 Qxb2+ 53. Qxb2 Rxb2+ 54. Rf2 Rb5 55. Re6 Bf6 56. Re8+ Kh7 57. Re2 Rg5+ 58. Kf3 Be5 59. Rd2 Rxh5 60. Rd5 Rh3+ 61. Kg4 Rg3+ 62. Kh4 g5+ 63. Kh5 Rh3+ 64. Kg4 Rh4+ 65. Kf5 Bg7 66. e5 Rf4+ 67. Ke6 Kg6 68. Rd7 Bf8 69. Kd5 g4 70. e6 h5 71. e7 Bxe7 72. Rdxe7 Kg5 73. Rg7+ Kh6 74. Reg8 Rf1 75. Rg6+ Kh7 76. R8g7+ Kh8 77. Ke4 Rf2 78. Rg5 1-0

[Event "FIN-chT 1314"]
[Site "Finland"]
[Date "2014.02.09"]
[Round "8.8"]
[White "Morant, Paul"]
[Black "Kivijarvi, Juha"]
[Result "0-1"]
[WhiteElo "2170"]
[BlackElo "2195"]
[PlyCount "72"]
[EventDate "2013.09.21"]
[EventType "team-tourn"]
[EventRounds "11"]
[EventCountry "FIN"]
[SourceTitle "EXT 2015"]
[Source "ChessBase"]
[SourceDate "2014.11.20"]
[SourceVersion "1"]
[SourceVersionDate "2014.11.20"]
[SourceQuality "1"]
[WhiteTeam "Turku TuTS"]
[BlackTeam "Salo SalSK"]
[WhiteTeamCountry "FIN"]
[BlackTeamCountry "FIN"]

1. e4 e5 2. Nf3 Nc6 3. Bb5 f5 4. d3 fxe4 5. dxe4 Nf6 6. 0-0 Bc5 7. Nc3 0-0 8. Bg5 d6 9. Nd5 Kh8 10. Nh4 Nd4 11. Bc4 b5 12. Bd3 c6 13. Bxf6 gxf6 14. Ne3 Ne6 15. Nef5 Nf4 16. Kh1 Rg8 17. g3 Ng6 18. Nh6 Rg7 19. N4f5 Bxf5 20. Nxf5 Rd7 21. Qg4 Qe8 22. h4 Nf8 23. a4 a6 24. axb5 axb5 25. Rxa8 Qxa8 26. f4 Qe8 27. h5 Ne6 28. Qh4 Rf7 29. Nh6 Rf8 30. Nf5 Ng7 31. Nxg7 Kxg7 32. h6+ Kf7 33. fxe5 Qxe5 34. b3 Rg8 35. Kg2 Rg6 36. Qh3 Ke7 0-1

[Event "FIN-chT 1314"]
[Site "Finland"]
[Date "2013.09.22"]
[Round "2.7"]
[White "Von Wright, Aarne"]
[Black "Kivijarvi, Juha"]
[Result "0-1"]
[WhiteElo "2105"]
[BlackElo "2195"]
[PlyCount "68"]
[EventDate "2013.09.21"]
[EventType "team-tourn"]
[EventRounds "11"]
[EventCountry "FIN"]
[SourceTitle "CBM 156 Extra"]
[Source "ChessBase"]
[SourceDate "2013.10.22"]
[SourceVersion "1"]
[SourceVersionDate "2013.10.22"]
[SourceQuality "1"]
[WhiteTeam "Jyvaskyla JyS"]
[BlackTeam "Salo SalSK"]
[WhiteTeamCountry "FIN"]
[BlackTeamCountry "FIN"]

1. e4 e5 2. Nf3 Nc6 3. Nc3 Nf6 4. g3 d5 5. exd5 Nxd5 6. Bg2 Nxc3 7. bxc3 Bc5 8. 0-0 0-0 9. d3 Re8 10. Re1 Bg4 11. Be3 Bb6 12. Qd2 h6 13. h3 Bh5 14. Nh2 Qd6 15. g4 Bg6 16. Nf1 Qa3 17. Bxb6 axb6 18. Ne3 Qc5 19. Nd5 Qd6 20. c4 Nd4 21. c3 Ne6 22. Re3 f6 23. Rae1 Bf7 24. h4 Kf8 25. Rg3 Red8 26. Be4 Nf4 27. g5 hxg5 28. hxg5 fxg5 29. Rxg5 Qh6 30. Rg3 Nh3+ 31. Rxh3 Qxd2 32. Rh8+ Bg8 33. Re3 g5 34. Rh5 Qd1+ 0-1

[Event "FIN-chT 1213"]
[Site "Finland"]
[Date "2013.03.09"]
[Round "13.8"]
[White "Anttila, Perttu"]
[Black "Kivijarvi, Juha"]
[Result "1/2-1/2"]
[WhiteElo "2126"]
[BlackElo "2213"]
[PlyCount "120"]
[EventDate "2012.09.28"]
[EventType "team-tourn"]
[EventRounds "11"]
[EventCountry "FIN"]
[SourceTitle "EXT 2014"]
[Source "ChessBase"]
[SourceDate "2013.11.20"]
[SourceVersion "1"]
[SourceVersionDate "2013.11.20"]
[SourceQuality "1"]
[WhiteTeam "Vantaa"]
[BlackTeam "Salo SK"]
[WhiteTeamCountry "FIN"]
[BlackTeamCountry "FIN"]

1. d4 f5 2. Qd3 d6 3. g4 fxg4 4. h3 Nf6 5. hxg4 Bxg4 6. Bg5 Qd7 7. f3 Bf5 8. e4 Bg6 9. Bh3 Qa4 10. Nc3 Qa5 11. Qe3 Nbd7 12. 0-0-0 0-0-0 13. d5 Kb8 14. Nge2 Nc5 15. Rd4 Bf7 16. a4 e5 17. Rc4 Be7 18. Ng3 Ncd7 19. Qd2 c5 20. Bxd7 Rxd7 21. Nf5 Bf8 22. f4 exf4 23. Qxf4 Ne8 24. Qg4 Rc7 25. Bd8 a6 26. Bxc7+ Nxc7 27. e5 Nxd5 28. exd6 Nf6 29. Qf4 Bxc4 30. Qxc4 g6 31. Qf7 Qd8 32. Ne3 Bxd6 33. Rd1 Qe7 34. Qxe7 Bxe7 35. Nc4 Kc7 36. Re1 Re8 37. Re6 Bd8 38. Nd5+ Kb8 39. Rxf6 Bxf6 40. Nxf6 Re7 41. Nb6 Rf7 42. a5 Kc7 43. Kd2 h5 44. Ke3 h4 45. Nbd5+ Kd6 46. c4 Ke6 47. Ne4 Ke5 48. Ng5 Rf1 49. Nf3+ Kd6 50. Nxh4 Rb1 51. Nxg6 Rxb2 52. Nc3 Rb3 53. Kd2 Ra3 54. Ne4+ Kc7 55. Nxc5 Rxa5 56. Nd3 Rh5 57. Ngf4 Rh4 58. Kc3 Kc6 59. Kb4 Rh1 60. c5 Rh4 1/2-1/2

[Event "FIN-chT 1112"]
[Site "Finland"]
[Date "2012.02.11"]
[Round "8.7"]
[White "Aakio, Seppo"]
[Black "Kivijarvi, Juha"]
[Result "0-1"]
[WhiteElo "2070"]
[BlackElo "2229"]
[PlyCount "40"]
[EventDate "2011.09.17"]
[EventType "team-tourn"]
[EventRounds "11"]
[EventCountry "FIN"]
[SourceTitle "EXT 2013"]
[Source "ChessBase"]
[SourceDate "2012.11.22"]
[SourceVersion "1"]
[SourceVersionDate "2012.11.22"]
[SourceQuality "1"]
[WhiteTeam "Helsinki SSK"]
[BlackTeam "Salo SK"]
[WhiteTeamCountry "FIN"]
[BlackTeamCountry "FIN"]

1. e4 e5 2. Nf3 Nc6 3. d4 exd4 4. Nxd4 Nf6 5. Nc3 Bc5 6. Nxc6 bxc6 7. Be2 Qe7 8. 0-0 0-0 9. Bd3 d6 10. h3 a5 11. Kh2 Rb8 12. Rb1 h6 13. Qe2 Re8 14. f4 Bd4 15. Bd2 Bd7 16. Qf3 Bb6 17. Rbe1 Nh7 18. b3 Qh4 19. a4 Nf6 20. Qg3 Ng4+ 0-1

[Event "FIN Team Cup"]
[Site "Finland"]
[Date "2011.05.14"]
[Round "2.3"]
[White "Kivijarvi, Juha"]
[Black "Pessi, Juha"]
[Result "1-0"]
[WhiteElo "2221"]
[BlackElo "2141"]
[PlyCount "51"]
[EventDate "2011.03.26"]
[EventType "team-k.o."]
[EventRounds "5"]
[EventCountry "FIN"]
[SourceTitle "EXT 2022"]
[Source "ChessBase"]
[SourceDate "2021.10.06"]
[SourceVersion "1"]
[SourceVersionDate "2021.10.06"]
[SourceQuality "1"]
[WhiteTeam "Salo SK"]
[BlackTeam "Tampere Tammer II"]
[WhiteTeamCountry "FIN"]
[BlackTeamCountry "FIN"]

1. e4 Nf6 2. e5 Nd5 3. d4 d6 4. c4 Nb6 5. exd6 cxd6 6. Nc3 g6 7. Be3 Bg7 8. Rc1 0-0 9. b3 Nc6 10. d5 Ne5 11. Be2 Bf5 12. f4 Ned7 13. Nf3 Nc5 14. 0-0 a5 15. Nd4 Qd7 16. Nxf5 Qxf5 17. Bg4 Qf6 18. g3 Rfd8 19. Nb5 e5 20. dxe6 Qe7 21. exf7+ Kxf7 22. Re1 d5 23. Bf2 Qf8 24. Nc7 dxc4 25. Qe2 Bd4 26. Be6+ 1-0

[Event "FIN-chT 0910"]
[Site "Finland"]
[Date "2010.02.13"]
[Round "6.6"]
[White "Kivisto, Mikko"]
[Black "Kivijarvi, Juha"]
[Result "0-1"]
[WhiteElo "2277"]
[BlackElo "2231"]
[PlyCount "62"]
[EventDate "2009.09.19"]
[EventType "team-tourn"]
[EventRounds "9"]
[EventCountry "FIN"]
[SourceTitle "EXT 2022"]
[Source "ChessBase"]
[SourceDate "2021.10.06"]
[SourceVersion "1"]
[SourceVersionDate "2021.10.06"]
[SourceQuality "1"]
[WhiteTeam "Espoo MatSK"]
[BlackTeam "Salo SK"]
[WhiteTeamCountry "FIN"]
[BlackTeamCountry "FIN"]

1. e4 e5 2. Nc3 Nf6 3. g3 d5 4. exd5 Nxd5 5. Bg2 Nxc3 6. bxc3 Bc5 7. Ne2 Nc6 8. Bb2 Qf6 9. d4 Bb6 10. 0-0 0-0 11. Kh1 Rd8 12. d5 Na5 13. Qd3 Bf5 14. Be4 Bxe4+ 15. Qxe4 Qg6 16. f3 f5 17. Qd3 e4 18. Qb5 c6 19. dxc6 bxc6 20. Qb4 Rd2 21. Rae1 exf3 22. Nf4 Rxh2+ 23. Kxh2 Qh6+ 24. Nh5 Qd2+ 25. Kh3 Qg2+ 26. Kh4 h6 27. Nf6+ Kh8 28. Rh1 Bf2 29. Qd6 Bxe1 30. Kh5 Bxg3 31. Qd1 Bf4 0-1

[Event "EU-Cup 25th"]
[Site "Ohrid"]
[Date "2009.10.05"]
[Round "2.5"]
[White "Levacic, Adrien"]
[Black "Kivijarvi, Juha"]
[Result "0-1"]
[WhiteElo "1893"]
[BlackElo "2231"]
[PlyCount "120"]
[EventDate "2009.10.04"]
[EventType "team-swiss"]
[EventRounds "7"]
[EventCountry "MKD"]
[SourceTitle "CBM 133"]
[Source "ChessBase"]
[SourceDate "2009.11.19"]
[SourceVersion "1"]
[SourceVersionDate "2009.11.19"]
[SourceQuality "1"]
[WhiteTeam "Monte Carlo"]
[BlackTeam "Salsk Salon"]
[WhiteTeamCountry "MNC"]
[BlackTeamCountry "FIN"]

1. d4 f5 2. g3 g6 3. Bg2 Nf6 4. Nf3 Bg7 5. 0-0 0-0 6. c4 d6 7. Nc3 Qe8 8. b3 e5 9. dxe5 dxe5 10. e4 Nc6 11. h3 h6 12. Re1 f4 13. Nd5 Qf7 14. g4 g5 15. Nd2 Nd4 16. Nf3 Nxf3+ 17. Bxf3 c6 18. Nxf6+ Qxf6 19. Ba3 Rd8 20. Qc2 b6 21. Rad1 Bb7 22. Re2 Bf8 23. Bxf8 Qxf8 24. Red2 c5 25. Rd3 Rd4 26. Rxd4 cxd4 27. Qd3 Qb4 28. Rd2 Rc8 29. Rc2 a5 30. Be2 Qc5 31. Rb2 Qc6 32. f3 Qc5 33. Kg2 Ba6 34. Kh2 Kg7 35. Kg2 Rb8 36. a4 Kf6 37. Bf1 Ke6 38. Kf2 Kd6 39. Be2 Kc6 40. Bf1 Rh8 41. Kg2 Qb4 42. Rd2 Kc5 43. Rc2 Kc6 44. Kf2 Kb7 45. Ra2 Ka7 46. Rc2 h5 47. Rd2 Qe7 48. Rd1 hxg4 49. fxg4 Qh7 50. Qf3 Qh4+ 51. Kg2 Bb7 52. Bd3 Qh7 53. Rb1 Qe7 54. Qe2 Qb4 55. Rb2 Qf8 56. Qf3 Qa3 57. Rb1 Qa2+ 58. Kg1 Qd2 59. Rd1 Rxh3 60. Rxd2 Rxf3 0-1

[Event "FIN-chT 0809"]
[Site "Finland"]
[Date "2009.03.15"]
[Round "9.7"]
[White "Kivijarvi, Juha"]
[Black "Laitinen, Mika"]
[Result "1-0"]
[WhiteElo "2232"]
[BlackElo "1969"]
[PlyCount "57"]
[EventDate "2008.09.06"]
[EventType "team-tourn"]
[EventRounds "9"]
[EventCountry "FIN"]
[SourceTitle "EXT 2022"]
[Source "ChessBase"]
[SourceDate "2021.10.06"]
[SourceVersion "1"]
[SourceVersionDate "2021.10.06"]
[SourceQuality "1"]
[WhiteTeam "Salo SK"]
[BlackTeam "Helsinki Velhot"]
[WhiteTeamCountry "FIN"]
[BlackTeamCountry "FIN"]

1. e4 c5 2. Nf3 Nc6 3. Bb5 Nf6 4. Nc3 Qc7 5. 0-0 Nd4 6. Re1 a6 7. Bc4 e6 8. e5 Ng8 9. d3 d5 10. exd6 Bxd6 11. Nxd4 cxd4 12. Nd5 Qc6 13. Nf4 Nf6 14. Ne2 Qc7 15. h3 b5 16. Bb3 Qc5 17. c3 dxc3 18. bxc3 0-0 19. d4 Qc6 20. Qd3 Bb7 21. f3 Rac8 22. Bg5 Nd5 23. Rac1 Be7 24. Bxd5 Qxd5 25. Bxe7 Rfe8 26. Bb4 Qxa2 27. Nf4 Qc4 28. Qxc4 Rxc4 29. Nd3 1-0

[Event "FIN-chT 0809"]
[Site "Finland"]
[Date "2009.02.14"]
[Round "6.7"]
[White "Kivijarvi, Juha"]
[Black "Alho, Sauli"]
[Result "1-0"]
[WhiteElo "2232"]
[BlackElo "2141"]
[PlyCount "65"]
[EventDate "2008.09.06"]
[EventType "team-tourn"]
[EventRounds "9"]
[EventCountry "FIN"]
[SourceTitle "EXT 2022"]
[Source "ChessBase"]
[SourceDate "2021.10.06"]
[SourceVersion "1"]
[SourceVersionDate "2021.10.06"]
[SourceQuality "1"]
[WhiteTeam "Salo SK"]
[BlackTeam "Vammala SK"]
[WhiteTeamCountry "FIN"]
[BlackTeamCountry "FIN"]

1. e4 d5 2. exd5 Qxd5 3. Nf3 Bg4 4. Be2 Nc6 5. d4 0-0-0 6. Be3 e5 7. c4 Qa5+ 8. Bd2 Bb4 9. d5 Bxf3 10. Bxf3 Nd4 11. Nc3 Qa6 12. Be2 Qg6 13. 0-0 f5 14. a3 Bd6 15. b4 e4 16. Be3 Nxe2+ 17. Nxe2 Nf6 18. Bf4 Ng4 19. Qd4 Bxf4 20. Nxf4 Qd6 21. h3 Qxf4 22. hxg4 Rd6 23. Qxg7 Rhd8 24. g3 Qf3 25. Qg5 fxg4 26. Rae1 Qxa3 27. Qxg4+ Kb8 28. Qxe4 Rg6 29. Re3 Qxb4 30. Rb1 Qd6 31. c5 Qxc5 32. d6 c6 33. Qe7 1-0

[Event "FIN-chT 0809"]
[Site "Finland"]
[Date "2008.10.04"]
[Round "3.6"]
[White "Herranen, Matti"]
[Black "Kivijarvi, Juha"]
[Result "0-1"]
[WhiteElo "2108"]
[BlackElo "2232"]
[PlyCount "66"]
[EventDate "2008.09.06"]
[EventType "team-tourn"]
[EventRounds "9"]
[EventCountry "FIN"]
[SourceTitle "EXT 2022"]
[Source "ChessBase"]
[SourceDate "2021.10.06"]
[SourceVersion "1"]
[SourceVersionDate "2021.10.06"]
[SourceQuality "1"]
[WhiteTeam "Jyvaskyla JyS"]
[BlackTeam "Salo SK"]
[WhiteTeamCountry "FIN"]
[BlackTeamCountry "FIN"]

1. e4 e5 2. Nf3 Nc6 3. Bb5 f5 4. d3 fxe4 5. dxe4 Nf6 6. 0-0 Bc5 7. Bxc6 bxc6 8. Nxe5 0-0 9. Bg5 Qe8 10. Bxf6 Rxf6 11. Nd3 Bb6 12. Nd2 d6 13. Kh1 Qe7 14. Qe1 Ba6 15. c4 Qf7 16. b3 Re8 17. f4 Rh6 18. Qg3 d5 19. Ne5 Qh5 20. exd5 cxd5 21. Ndf3 dxc4 22. bxc4 Bb7 23. Rae1 Qf5 24. Ng5 Rf6 25. c5 Rxe5 26. cxb6 axb6 27. Rxe5 Qxe5 28. Qd3 Qf5 29. Qd8+ Rf8 30. Qxc7 Qd5 31. Nf3 Qd3 32. Kg1 Qe3+ 33. Rf2 Rc8 0-1